Estado actual y propuesta de plan de manejo ambiental de los páramos de a Cordillera Central del Valle del Cauca, jurisdicción CVC (Registro nro. 8738)

Detalles MARC
000 -CABECERA
Campo de control 01016nam a22002417a 4500
005 - FECHA Y HORA DE LA ULTIMA TRANSACCION
Campo de control 20140925160306.0
008 - ELEMENTOS DE LONGITUD FIJA—INFORMACION GENERAL
Campo de control 140925b2007 ck ||||| |||| 00| 0 ck spa d
020 ## - ISBN
ISBN 9789588332093
041 ## - IDIOMA
Código de idioma para texto/pista de sonido o título separado Español
044 ## - PAÍS DE PUBLICACIÓN
País de publicación Colombia
082 04 - NUMERO DE CLASIFICACION DECIMAL DEWEY
Número de clasificación 333.72
Número del ítem I37e
245 00 - MENCION DE TITULO
Título Estado actual y propuesta de plan de manejo ambiental de los páramos de a Cordillera Central del Valle del Cauca, jurisdicción CVC
Mención de responsabilidad editado por Alejandro Castaño, Guillermo Andrés Ospina y Wilson Devia
260 ## - PUBLICACION, DISTRIBUCION, ETC. (PIE DE IMPRENTA)
Lugar de publicación, distribución, etc. Santiago de Cali :
Nombre del editor, distribuidor, etc. Inciva,
-- CVC,
Fecha de publicación, distribución, etc. 2007.
300 ## - DESCRIPCION FISICA
Extensión 29 p.
Otros detalles físicos Fot (col), tablas.
Dimensiones 22 cm.
504 ## - NOTA DE BIBLIOGRAFIA, ETC.
Nota de bibliografía Incluye referencias bibliográficas (pag 29) e índice
650 #4 - ASIENTO SECUNDARIO DE MATERIA - TERMINO TEMATICO
Término temático o nombre geográfico como elemento de entrada Páramos
Subdivisión general Conservación de los recursos naturales
650 #4 - ASIENTO SECUNDARIO DE MATERIA - TERMINO TEMATICO
Término temático o nombre geográfico como elemento de entrada Páramos
Subdivisión general Planificación Regional
Subdivisión geográfica Valle del Cauca
650 #4 - ASIENTO SECUNDARIO DE MATERIA - TERMINO TEMATICO
Término temático o nombre geográfico como elemento de entrada Páramos
Subdivisión general Aspectos Ambientales
700 1# - ASIENTO SECUNDARIO - NOMBRE PERSONAL
Nombre personal Castaño, Alejandro
Término de relación ed.
700 1# - ASIENTO SECUNDARIO - NOMBRE PERSONAL
Nombre personal Ospina, Guillermo Andrés
Término de relación ed.
700 1# - ASIENTO SECUNDARIO - NOMBRE PERSONAL
Nombre personal Devia, Wilson
Término de relación ed.
942 ## - ELEMENTOS ADICIONALES (KOHA)
Sistema de clasificación Dewey Decimal Classification
Tipo de ítem Folleto
Existencias
Withdrawn status Lost status Sistema de Clasificación Damaged status No para préstamo Colección Inventariado Ubicación Permanente Ubicación actual Fecha de adquisición Total Checkouts Número topográfico Inventario / Código de Barras Date last seen Ejemplar Price effective from Forma de adquisición Tipo de material
    Dewey Decimal Classification     General Inventariado 2017 Bogotá Bogotá 25/09/2014   LB-333.72 I37e 034966 25/09/2014 Ej. 1 25/09/2014 Canje Folleto